000 01353nam a2200229 a 4500
001 53493
003 BD-RjUL
005 20211209075954.0
008 161016m19741969ii ||||| |||| 00| 0 eng d
035 _a(BD-RjUL)53614
040 _aBD-RjUL
_bben
_cBD-RjUL
_dBD-RjUL
041 _aben
082 _223
_a891.44209
_bBHN 1974
100 _aভট্টাচার্য্য, সাধন কুমার
_9158444
245 1 0 _aনাট্য সাহিত্যের আলোচনা ও নাটক বিচার /
_cসাধন কুমার ভট্টাচার্য্য
260 _aকলিকাতা :
_bজাতীয় সাহিত্য পরিষৎ,
_c১৯৬৯ (১৩৭৬).
300 _aখন্ড. ;
_c১৭ সেমি.
505 _aখন্ড. ২. -- গিরিশ চন্দ্র ঘোষ : সিরাজদ্দৌলা ও বিল্বমঙ্গল দ্বিজেন্দ্রলাল রায় : সাজাহান ও চন্দ্রগুপ্ত যোর্গেশ চৌধুরী : দিগ্বিজয়ী খন্ড. ৩. --
650 _aবাংলা নাটক
_vইতিহাস ও সমালোচনা
_9123606
650 _aBengali drama
_vHistory and Criticism
_9117436
942 _2ddc
_cBK
999 _c53493
_d53493